Statistics for South Africa Multiple Choice

Click here to take the quiz!

General Stats

  • This quiz has been taken 9,066 times
  • The average score is 11 of 15

Answer Stats

QuestionAnswer% Correct
Which of these countries does NOT border South Africa?Kenya
92%
South Africa's national rugby union team are known as the springboks. What is a springbok?Antelope
84%
Which of these cities is NOT on the coast?Pretoria
82%
When was Nelson Mandela elected President?1994
79%
Johannesburg was founded in 1886. What caused people to move to the area and found a city?A gold rush
78%
True or false. Former President Jacob Zuma is a polygamist.True
76%
Who founded Cape Town?The Dutch
75%
What political party has dominated South African politics since the end of apartheid?African National Congress
74%
Which of these famous actresses is from South Africa?Charlize Theron
72%
South Africa has 11 official languages. Which of these is NOT one of them?Swahili
72%
What was the first name of Nelson Mandela's second wife?Winnie
71%
What foreign leader lived in South Africa for many years?Mahatma Gandhi
69%
How did Christiaan Barnard make history in 1967?By performing the world's first heart transplant
65%
About what percentage of South Africans are HIV positive?12%
61%
Approximately what percentage of South Africans are white?9
45%

Score Distribution

Percentile by Number Answered

Percent of People with Each Score

Your Score History

You have not taken this quiz